| 000 | 01151cam a22003014a 4500 | ||
|---|---|---|---|
| 999 |
_c5374 _d5374 |
||
| 001 | 14334630 | ||
| 003 | GZU | ||
| 005 | 20210406084830.0 | ||
| 008 | 060410s2007 caua b 001 0 eng | ||
| 010 | _a 2006925469 | ||
| 020 | _a0495007757 | ||
| 040 |
_aDLC _cDLC _dDLC |
||
| 050 | 0 | 0 |
_aRJ504 _b.THO 2007 |
| 100 | 1 |
_aThompson, Charles L. _eauthor |
|
| 245 | 1 | 0 |
_aCounseling children / _cCharles L. Thompson, Donna A. Henderson. |
| 250 | _a7th ed. | ||
| 260 |
_aBelmont, CA : _bThomson/Brooks/Cole, _cc2007. |
||
| 300 |
_axxvi, 709 p. : _bill. ; _c25 cm. |
||
| 504 | _aIncludes bibliographical references. | ||
| 650 | 0 | _aChild psychotherapy. | |
| 650 | 0 |
_aChildren _xCounseling of. |
|
| 700 | 1 |
_aHenderson, Donna A. _eauthor |
|
| 856 | 4 | 2 |
_3Contributor biographical information _uhttp://www.loc.gov/catdir/enhancements/fy1104/2006925469-b.html |
| 856 | 4 | 2 |
_3Publisher description _uhttp://www.loc.gov/catdir/enhancements/fy1104/2006925469-d.html |
| 856 | 4 | 1 |
_3Table of contents only _uhttp://www.loc.gov/catdir/enhancements/fy1104/2006925469-t.html |
| 906 |
_a7 _bcbc _corigcop _d3 _eepcn _f20 _gy-gencatlg |
||
| 942 |
_2lcc _cBK _e7th ed. _h504 _iTHO _kRJ |
||